Statistics for Top 100 Football Teams of 2020

Click here to take the quiz!

General Stats

  • This quiz has been taken 46 times
  • The average score is 36 of 100

Answer Stats

HintCountryAnswer% Correct
2EnglandLiverpool FC
91%
6FranceParis Saint-Germain
91%
5SpainReal Madrid
91%
10ItalyAC Milan
86%
8SpainBarcelona
86%
21GermanyBorussia Dortmund
86%
4EnglandManchester City
86%
3SpainAtlético Madrid
82%
7ItalyInter Milan
82%
18EnglandChelsea FC
80%
15EnglandManchester United
80%
13PortugalFC Porto
77%
12ItalyJuventus
77%
25ItalyRoma
75%
53EnglandArsenal
73%
22FranceLyon
73%
20EnglandTottenham Hotspur
73%
60ScotlandCeltic
68%
29ItalySSC Napoli
68%
39NetherlandsPSV Eindhoven
66%
28PortugalBenfica
64%
38ItalyLazio
64%
36ScotlandRangers
64%
1GermanyBayern München
59%
33EnglandLeicester City
59%
16SpainSevilla
59%
26ArgentinaBoca Juniors
57%
32FranceLille
57%
82EnglandAston Villa
55%
14ItalyAtalanta
55%
66SpainValencia
55%
77FranceMarseille
52%
54PortugalSporting
52%
75NetherlandsFeyenoord
50%
17ArgentinaRiver Plate
50%
31GermanyBorussia Mönchengladbach
48%
55EnglandWolverhampton Wanderers
48%
19NetherlandsAjax Amsterdam
43%
11GermanyBayer Leverkusen
41%
57GermanyEintracht Frankfurt
41%
78SpainAthletic Bilbao
39%
35BrazilSao Paulo
36%
34Czech RepublicSlavia Prague
36%
24SpainVillarreal
36%
73EnglandWest Ham United
36%
93ItalyFiorentina
34%
43GermanyWolfsburg
34%
62PortugalBraga
32%
44GermanyHoffenheim
32%
40SpainReal Sociedad
32%
23UkraineShakhtar Donetsk
32%
64SwitzerlandYoung Boys
32%
88GermanyVfB Stuttgart
30%
81UkraineDynamo Kyiv
27%
47EnglandSouthampton
27%
63NetherlandsAZ Alkmaar
25%
87SpainCelta Vigo
25%
41AustriaRed Bull Salzburg
25%
65RussiaZenit St. Petersburg
25%
27BrazilFlamengo
23%
67SpainGranada
23%
37EgyptAl Ahly
20%
61BelgiumClub Brugge
20%
49CroatiaDinamo Zagreb
20%
56GreeceOlympiakos
20%
30BrazilPalmeiras
20%
97EnglandBurnley
16%
46BrazilGrêmio
16%
9GermanyRasenBallsport Leipzig
16%
51ItalySassuolo
16%
83SpainGetafe
14%
58Saudi ArabiaAl Hilal
11%
85SwitzerlandFC Basel
11%
69SpainLevante
11%
92IsraelMaccabi Tel Aviv
9%
96Czech RepublicViktoria Plzeň
9%
95BrazilAtlético Mineiro
7%
76WalesThe New Saints
7%
99RomaniaCFR Cluj
5%
59BrazilInternacional
5%
45ArgentinaRacing Club
5%
70ArgentinaVélez Sarsfield
5%
86TunisiaEsperance De Tunis
2%
42EstoniaFlora Tallinn
2%
100SpainLeganes
2%
74MexicoLeón
2%
72GreecePAOK FC
2%
71MexicoTigres UANL
2%
79South KoreaUlsan Hyundai
2%
90ArgentinaDefensa y Justicia
0%
50EnglandEverton FC
0%
68EstoniaFCI Levadia Tallinn
0%
84MoldovaFC Sheriff
0%
80GermanyFC Union Berlin
0%
48SerbiaFK Red Star Belgrade
0%
89South KoreaJeonbuk FC
0%
91JapanKawasaki Frontale
0%
98EstoniaNomme JK Kalju
0%
94BulgariaPFC Ludogorets 1945 Razgrad
0%
52BrazilSantos FC
0%

Score Distribution

Percentile by Number Answered

Percent of People with Each Score

Your Score History

You have not taken this quiz